000 01517nam a2200361Ia 4500
001 ebr10318402
003 CaPaEBR
006 m u
007 cr cn|||||||||
008 941215s1995 maua sb 001 0 eng d
010 _z 94047545
020 _z9780674892835
020 _z0674892828 (cloth : acid-free paper)
020 _z0674892836 (pbk.)
040 _aCaPaEBR
_cCaPaEBR
035 _a(OCoLC)636335770
050 1 4 _aLA216
_b.T92 1995eb
100 1 _aTyack, David B.
245 1 0 _aTinkering toward utopia
_h[electronic resource] :
_ba century of public school reform /
_cDavid Tyack & Larry Cuban.
260 _aCambridge, MA :
_bHarvard University Press,
_c1995.
300 _a184 p. :
_bill.
504 _aIncludes bibliographical references (p. [145]-176) and index.
533 _aElectronic reproduction.
_bPalo Alto, Calif. :
_cebrary,
_d2009.
_nAvailable via World Wide Web.
_nAccess may be limited to ebrary affiliated libraries.
650 0 _aEducational change
_zUnited States
_xHistory
_y19th century.
650 0 _aEducational change
_zUnited States
_xHistory
_y20th century.
650 0 _aEducation
_xSocial aspects
_zUnited States.
650 0 _aEducation and state
_zUnited States.
650 0 _aEducation
_xPolitical aspects
_zUnited States.
655 7 _aElectronic books.
_2local
700 1 _aCuban, Larry.
710 2 _aebrary, Inc.
856 4 0 _uhttp://site.ebrary.com/lib/rucke/Doc?id=10318402
_zAn electronic book accessible through the World Wide Web; click to view
999 _c168668
_d168668